"V" Antonyms - Statistics

General Stats
  • This quiz has been taken 93 times
  • The average score is 11 of 20
Answer Stats
Word V Antonyms % Correct
Horizontal Vertical
94%
Consonant Vowel
92%
Town Village
83%
Occupied Vacant
78%
Defeat Victory
78%
Appear Vanish
77%
Carnivore Vegan / Vegetarian
75%
Hero Villain
71%
Host Visitor
61%
Assailant Victim
56%
Peaceful Violent
53%
Humble Vain
49%
Compulsory Voluntary
48%
Enter Vacate
42%
Small Vast
42%
Conquer Vanquish
35%
Vice Virtue
32%
Clear Vague
27%
Quiet Vocal
14%
Blurry Vivid
10%
No matching quizzes found
Score Distribution
Percent of People with Each Score
Percentile by Number Answered
Your Score History
You have not taken this quiz